00427nam a2200109Ia 4500008004100000050002800041100002300069245008900092260008600181300002000267521003000287140724s9999 xx 000 0 und d aHF 5545.335b.C142 2010 aCalapatan, Adrian. aLevel of customer satisfaction in seahorse grill and restaurant /cAdrian Calapatan. aLas Piñas, Philippines :bSouthville International School and Colleges,cc2010. a74 p. :c28 cm. aHuman Resource Management